| 000 | nam a22 a 4500 | ||
|---|---|---|---|
| 999 |
_c410724 _d410724 |
||
| 003 | BLK | ||
| 005 | 20210423121444.0 | ||
| 008 | 180409b bul|||||r ||||||| ||bul|| | ||
| 010 | _aKNG00127760000 | ||
| 040 | _aBLK | ||
| 041 |
_aRUS _cRUS |
||
| 080 |
_aРазредяване на въздуха и газовете.Въздушни и вакуумни помпи - Бутални,ротационни,центробежни,струйни и др. Вж и 533.5. Помпи вж 621.65/.69 _b621.52 _z621.52 |
||
| 100 |
_9449117 _aБеккерледж, О. _eпърви автор |
||
| 139 | _aБеккерледж, О. | ||
| 245 | 1 | 0 |
_aВоздушный насос _cО. Беккерледж |
| 257 | _aRUS | ||
| 260 |
_c1898 _aМосква _9435310 _bтипо-лит. т-ва И. Н. Кушнерев и К° |
||
| 300 |
_a17 с., 1 л. черт. _c19,5 см |
||
| 380 | _a62 | ||
| 490 |
_9435080 _aКолекция Редки и ценни издания |
||
| 650 | 7 |
_aПомпи _9167141 |
|
| 852 |
_aРр 898 _bРц |
||
| 942 |
_cKNG _n0 _s1 |
||
| 944 |
_aCR _c2021-04-23 _l2021-04-23 _kРенета Константинова |
||